Franchisingové manželstvo

Čo je franchising. Tri základné typy franchisingu. Skreslené ponímanie franchisingu u nás.

Enregistré dans:
Détails bibliographiques
Auteur principal: Bokorová, Jana
Format: Chapitre de livre
Langue:slovaque
Sujets:
Tags: Ajouter un tag
Pas de tags, Soyez le premier à ajouter un tag!

MARC

LEADER 00000naa a2200000 4500
001 r043304
005 20231004093741.6
041 0 |a slo 
044 |a SK 
245 1 0 |a Franchisingové manželstvo  |c Jana Bokorová 
520 |a Čo je franchising. Tri základné typy franchisingu. Skreslené ponímanie franchisingu u nás. 
610 2 0 |a franchising 
610 2 0 |a obchod 
610 2 0 |a služby 
610 2 0 |a produkty 
610 2 0 |a Slovensko 
100 1 |a Bokorová, Jana